| 000 | 00823nam a2200229Ia 4500 | ||
|---|---|---|---|
| 001 | 15866 | ||
| 003 | GE_BSU | ||
| 008 | 181216s||||||||xx |||||||||||||| ||und|| | ||
| 040 | _cGE_BSU | ||
| 080 | _a821.353.1-1 + 821.353.1-144 | ||
| 100 | _aჭელიძე, ო. (ოთარ) | ||
| 245 | _aთამარ მეფის საფლავი | ||
| 245 | _bლექსები და ბალადები | ||
| 245 | _cრედ. ნ.იაშვილი.მხ. ჯ.ყავლაშვილი | ||
| 260 | _aთბილისი | ||
| 260 | _bსაბჭ. საქართველო | ||
| 260 | _c1988 | ||
| 300 | _a318 გვ. ; 20 სმ | ||
| 653 | _aთამარ მეფის საფლავი | ||
| 653 | _aლექსები და ბალადები | ||
| 942 | _cBK | ||
| 999 |
_c48963 _d48963 |
||